Privatizaci neurychlovat, ale zdokonalovat Slovensko
Rozhovor s P. Bisákom, ministrom pre správu a privatizáciu národného majetku SR. Tempo privatizácie. Doterajší stav privatizácie na Slovensku. Legislatívne opatrenia na ochranu hospodársko-strategických záujmov štátu v niektorých odvetviach. Podpora rozvoja slovenskej podnikateľskej vrstvy. Kupónová...
Gespeichert in:
| 1. Verfasser: | |
|---|---|
| Weitere Verfasser: | |
| Format: | Buchkapitel |
| Sprache: | Tschechisch |
| Schlagworte: | |
| Tags: |
Keine Tags, Fügen Sie das erste Tag hinzu!
|
MARC
| LEADER | 00000naa a2200000 4500 | ||
|---|---|---|---|
| 001 | r017140 | ||
| 005 | 20221208130802.0 | ||
| 041 | 0 | |a cze | |
| 044 | |a CZ | ||
| 245 | 1 | 0 | |a Privatizaci neurychlovat, ale zdokonalovat |b Slovensko |c P. Bisák, M. Zábojníková |
| 520 | |a Rozhovor s P. Bisákom, ministrom pre správu a privatizáciu národného majetku SR. Tempo privatizácie. Doterajší stav privatizácie na Slovensku. Legislatívne opatrenia na ochranu hospodársko-strategických záujmov štátu v niektorých odvetviach. Podpora rozvoja slovenskej podnikateľskej vrstvy. Kupónová privatizácia. Zahraničný kapitál. Kontrola privatizačného procesu. Hodnota majetku určená pre kupónovú privatizáciu (40 mld SK). | ||
| 610 | 2 | 0 | |a privatizácia |
| 610 | 2 | 0 | |a kupóny |
| 610 | 2 | 0 | |a podnikatelia |
| 610 | 2 | 0 | |a legislatíva |
| 610 | 2 | 0 | |a kapitál zahraničný |
| 610 | 2 | 0 | |a Slovensko |
| 100 | 1 | |a Bisák, P. | |
| 700 | 1 | |a Zábojníková, M. | |